Luật quản lý thuế năm 2006 sửa đổi, bổ sung năm 2012, 2014

Enregistré dans:
Détails bibliographiques
Format: Sách
Langue:Undetermined
Publié:  Chính trị Quốc gia - Sự thật  2015
Sujets:
Tags: Ajouter un tag
Pas de tags, Soyez le premier à ajouter un tag!
Thư viện lưu trữ: Trung tâm Thư viện - Trường Đại học Công nghiệp TP. Hồ Chí Minh
LEADER 00485nam a2200133Ia 4500
001 UIH_02897
008 231011s9999 xx 000 0 und d
082 |a  343.59704 
245 0 |a  Luật quản lý thuế năm 2006 sửa đổi, bổ sung năm 2012, 2014 
260 |b  Chính trị Quốc gia - Sự thật 
260 |c  2015 
650 |a  Thuế;  
927 |a Sách 
980 |a Trung tâm Thư viện - Trường Đại học Công nghiệp TP. Hồ Chí Minh